[Event "?"]
[Site "masterchessopen.com USA"]
[Round "0"]
[White "Wilder Michael (USA)"]
[Black "Weinstein Norman (USA)"]
[Result "0-1"]
[WhiteElo "2540"]
[BlackElo "2450"]

1.d4 Nf6 2.c4 e6 3.Nc3 Bb4 4.e3 b6 5.Ne2 Ba6 6.a3 Bxc3+ 7.Nxc3 d5 8.cxd5 Bxf1
9.Kxf1 exd5 10.Qf3 O-O 11.g4 Re8 12.Kg2 c5 13.dxc5 Nc6 14.Rd1 Ne5 15.Qg3 Nexg4
16.Nxd5 Qc8 17.Nxf6+ Nxf6 18.cxb6 Ne4 19.Qf4 Re6 20.Rf1 Rg6+ 21.Kh1 Qc6 22.Qf3
Rd8 23.h3 axb6 24.b4 Rf6 25.Qg2 Ng3+ {#R} 0-1

[Event "Olympiad"]
[Site "masterchessopen.com Buenos Aires (Argentina)"]
[Round "11"]
[White "Lein Anatoly (USA)"]
[Black "Hecht Hans-Joachim (GER)"]
[Result "0-1"]
[WhiteElo "2505"]
[BlackElo "2480"]

1.c4 Nf6 2.d4 e6 3.Nc3 Bb4 4.e3 b6 5.Ne2 Ba6 6.a3 Bxc3+ 7.Nxc3 d5 8.Be2 Bxc4
9.Bxc4 dxc4 10.Qa4+ Qd7 11.Qxc4 Qc6 12.Qxc6+ Nxc6 13.b4 O-O-O 14.Bb2 e5 15.Ne2
exd4 16.Bxd4 Nxd4 17.Nxd4 Kb7 18.O-O Ne4 19.Rfc1 c5 20.bxc5 Nxc5 21.Rc4 Ne6
22.Nxe6 fxe6 23.h4 Rhf8 24.Rg4 Rf7 25.Rb1 Rd2 26.a4 Rdxf2 27.a5 Rd2 28.axb6
axb6 29.Rgb4 Rd6 30.Ra1 Rfd7 31.Kh2 Rd1 32.Raa4 R1d3 33.Re4 R7d6 34.Ra1 b5
35.Rf1 Rc3 36.Kg3 Rb6 37.Rb1 Rc4 38.Kf3 Rxe4 39.Kxe4 Kc6 40.Kd4 Kd6 41.Rb4 e5+
{#R} 0-1

[Event "Olympiad"]
[Site "masterchessopen.com Buenos Aires (Argentina)"]
[Round "7"]
[White "Trois Francisco R T (BRA)"]
[Black "Korchnoi Viktor (SUI)"]
[Result "0-1"]
[WhiteElo "2385"]
[BlackElo "2665"]

1.d4 Nf6 2.c4 e6 3.Nc3 Bb4 4.e3 b6 5.Ne2 Ba6 6.a3 Be7 7.Nf4 O-O 8.Bd3 d6 9.O-O
Nbd7 10.b3 c6 11.Bb2 Re8 12.Re1 Bf8 13.d5 Bb7 14.dxc6 Bxc6 15.Rc1 Ne5 16.Bb1
Qe7 17.Qe2 Rad8 18.e4 Ba8 19.Rcd1 Nc6 20.Nh5 Nxh5 21.Qxh5 g6 22.Qe2 Bg7 23.Qe3
Qf8 24.Re2 Bf6 25.Nb5 Bxb2 26.Rxb2 d5 27.cxd5 exd5 28.Nc7 dxe4 29.Rc1 Re7
30.Nxa8 Red7 31.g3 Qxa3 32.Ra2 Qxc1+ 33.Qxc1 Rd1+ 34.Qxd1 Rxd1+ 35.Kg2 Rxb1
36.Rc2 Nd4 {#R} 0-1

[Event "?"]
[Site "masterchessopen.com Dortmund (Germany)"]
[Round "0"]
[White "Krueger Erich (GER)"]
[Black "Iskov Gert (DEN)"]
[Result "1-0"]
[WhiteElo "2153"]
[BlackElo "2320"]

1.d4 Nf6 2.c4 e6 3.Nc3 Bb4 4.e3 b6 5.Ne2 Ba6 6.Ng3 O-O 7.e4 Nc6 8.Bd3 e5 9.d5
Bxc3+ 10.bxc3 Na5 11.Qe2 d6 12.Bg5 h6 13.Bd2 Nd7 14.Nf5 Qf6 15.h4 Nc5 16.Bg5
hxg5 17.hxg5 Qxg5 18.Qh5 Nxd3+ 19.Kf1 Qxg2+ 20.Kxg2 Nf4+ 21.Kf3 {#r} 1-0

[Event "Ch DDR"]
[Site "masterchessopen.com Eggesin (Germany)"]
[Round "8"]
[White "Knaak Rainer (GER)"]
[Black "Raitza Olaf (GER)"]
[Result "1-0"]
[WhiteElo "2482"]
[BlackElo "2325"]

1.d4 Nf6 2.c4 e6 3.Nc3 Bb4 4.e3 b6 5.Ne2 Ba6 6.Ng3 O-O 7.e4 d5 8.cxd5 Bxc3+
9.bxc3 Bxf1 10.Kxf1 exd5 11.e5 Ne4 12.f3 Nxg3+ 13.hxg3 f6 14.Qd3 g6 15.Ba3 Re8
16.Re1 fxe5 17.dxe5 c5 18.f4 Nc6 19.Rd1 Ne7 20.g4 Rf8 21.Bc1 Qd7 22.Qg3 Qa4
23.Re1 Rxf4+ 24.Bxf4 Rf8 25.Kg1 Qxf4 26.Qh4 Rf7 27.e6 Rg7 28.Rh3 g5 29.Qh5 Ng6
30.Rf3 Qd2 31.Ref1 d4 32.Rf8+ {#r} 1-0

[Event "It"]
[Site "masterchessopen.com Kiev (Ukraine)"]
[Round "11"]
[White "Kuzmin Gennadi P (UKR)"]
[Black "Ree Hans (NED)"]
[Result "1-0"]
[WhiteElo "2560"]
[BlackElo "2500"]

1.d4 Nf6 2.c4 e6 3.Nc3 Bb4 4.e3 b6 5.Ne2 Ba6 6.a3 Bxc3+ 7.Nxc3 d5 8.b3 O-O
9.Be2 Nc6 10.a4 dxc4 11.Ba3 Re8 12.bxc4 Na5 13.Nb5 c6 14.Nd6 Re7 15.e4 Rd7
16.e5 Ne8 17.Qc2 Nb7 18.Ne4 Rxd4 19.Bb2 Rd7 20.Ra3 Nc5 21.Rh3 Nxe4 22.Qxe4 g6
23.Qf4 c5 24.Qh6 f5 25.exf6 Nxf6 26.O-O Bb7 27.Qf4 Ne8 28.Bg4 Qe7 29.Re1 Ng7
30.Bxg7 Kxg7 31.Qe5+ {#r} 1-0

[Event "Memorial V.Karseladze"]
[Site "masterchessopen.com Kutaisi (Georgia)"]
[Round "0"]
[White "Sturua Zurab (GEO)"]
[Black "Lerner Konstantin Z (UKR)"]
[Result "0-1"]
[WhiteElo "2524"]
[BlackElo "2515"]

1.c4 Nf6 2.Nc3 e6 3.d4 Bb4 4.e3 b6 5.Ne2 Ba6 6.a3 Bxc3+ 7.Nxc3 d5 8.b3 O-O
9.Be2 Nc6 10.O-O dxc4 11.b4 Nd5 12.Bd2 Nce7 13.e4 Nxc3 14.Bxc3 Bb7 15.f3 b5
16.Qd2 Qd6 17.Rad1 Rad8 18.Kh1 f6 19.Rfe1 Rd7 20.Qb2 Qf4 21.Bd2 Qh4 22.g3 Qh5
23.g4 Qg6 24.Rg1 Rfd8 25.Bc3 Qf7 26.a4 a6 27.axb5 axb5 28.Ra1 Nc6 29.Rgd1 h5
30.gxh5 Qxh5 31.Rd2 Qh6 32.Rg1 e5 33.d5 Ne7 34.Rdd1 c6 35.dxc6 Nxc6 36.Rxd7
Rxd7 37.Rd1 Qh3 38.Rxd7 Qxd7 39.Qd2 Nd4 40.Kg2 Bc8 41.Qe3 Ne6 42.Bf1 Kh7
43.Kf2 Nf4 44.Qc5 Qd1 45.Qe3 Bh3 46.Be2 Qh1 {#R} 0-1

[Event "?"]
[Site "masterchessopen.com Switzerland"]
[Round "0"]
[White "Lombard Andre (SUI)"]
[Black "Korchnoi Viktor (SUI)"]
[Result "0-1"]
[WhiteElo "2400"]
[BlackElo "2665"]

1.d4 Nf6 2.c4 e6 3.Nc3 Bb4 4.e3 b6 5.Ne2 Ba6 6.Ng3 O-O 7.e4 Nc6 8.Bd3 e5 9.O-O
Nxd4 10.Qa4 Bxc3 11.bxc3 Ne6 12.Ba3 Bb7 13.Bxf8 Qxf8 14.Qc2 Nf4 15.f3 Qc5+
16.Kh1 Ba6 17.Rfe1 Nxd3 18.Qxd3 Bxc4 19.Qd2 Be6 20.Nf5 Bxf5 21.exf5 d6 22.Rab1
a5 23.c4 Re8 24.Qb2 h5 25.Qb5 Qd4 26.Qc6 Re7 27.h3 h4 28.c5 Qxc5 29.Qa4 Qf2
30.Rf1 Qg3 31.Rb3 Qg5 32.Re1 Nh5 33.Qg4 Ng3+ 34.Kh2 Qf6 35.f4 e4 36.Qg5 Qxg5
37.fxg5 Nxf5 {#R} 0-1

[Event "Ch Austria"]
[Site "masterchessopen.com Austria"]
[Round "2"]
[White "Danner Georg (AUT)"]
[Black "Fischbacher J"]
[Result "1-0"]
[WhiteElo "2408"]
[BlackElo "2200"]

1.d4 Nf6 2.c4 e6 3.Nc3 Bb4 4.e3 b6 5.Ne2 Ba6 6.a3 Bxc3+ 7.Nxc3 d5 8.b3 O-O
9.Be2 Nbd7 10.O-O c6 11.Bb2 Re8 12.Rc1 Rc8 13.Bd3 dxc4 14.bxc4 e5 15.Qa4 exd4
16.exd4 Nb8 17.Bf5 Rc7 18.d5 c5 19.Nb5 Bxb5 20.Qxb5 Qd6 21.Bxf6 {#r} 1-0

[Event "It"]
[Site "masterchessopen.com Copenhagen (Denmark)"]
[Round "9"]
[White "Brinck-Claussen Bjorn (DEN)"]
[Black "Iskov Gert (DEN)"]
[Result "0-1"]
[WhiteElo "2263"]
[BlackElo "2320"]

1.d4 Nf6 2.c4 e6 3.Nc3 Bb4 4.e3 b6 5.Ne2 Ba6 6.Ng3 O-O 7.e4 Nc6 8.Bd3 e5 9.d5
Bxc3+ 10.bxc3 Ne7 11.Nf1 d6 12.Ne3 Nd7 13.h4 Nc5 14.Bc2 Bc8 15.g4 Bd7 16.h5
Qe8 17.Qf3 f6 18.Nf5 Nxf5 19.gxf5 Kh8 20.Rg1 Rg8 21.Rg6 Ba4 22.Bb1 c6 23.Qh3
cxd5 24.cxd5 Qb5 25.Qh4 Qc4 26.Bd2 Bb5 27.Kd1 Ba4+ 28.Ke1 Bb5 29.Kd1 Qe2+
30.Kc1 Ba4 31.Bh6 Nd3+ 32.Bxd3 Qxd3 33.Kb2 Qc2+ 34.Ka3 Qxc3+ {#R} 0-1

[Event "It (a)"]
[Site "masterchessopen.com London (England)"]
[Round "8"]
[White "Boersma Paulus A (NED)"]
[Black "Iskov Gert (DEN)"]
[Result "0-1"]
[WhiteElo "2304"]
[BlackElo "2320"]

1.d4 Nf6 2.c4 e6 3.Nc3 Bb4 4.e3 b6 5.Ne2 Ba6 6.a3 Be7 7.Nf4 d5 8.cxd5 Bxf1
9.Kxf1 Nxd5 10.e4 Nxf4 11.Bxf4 O-O 12.h4 Nd7 13.e5 f6 14.Qg4 fxe5 15.Qxe6+ Kh8
16.Bg5 Bf6 17.Rd1 exd4 18.Rxd4 Bxd4 19.Bxd8 Rxf2+ 20.Ke1 Rxd8 21.Qd5 c5 22.Nb5
Re8+ 23.Kd1 Nf6 24.Qc6 Be3 25.Nc7 Rd8+ 26.Ke1 Rxb2 27.Rf1 Bd2+ 28.Ke2 Bg5+
29.Kf3 Rd3# 0-1

[Event "Olympiad URS"]
[Site "masterchessopen.com Moscow (Russia)"]
[Round "2"]
[White "Khalafov Ilgar (AZE)"]
[Black "Rastenis Gediminas (LTU)"]
[Result "0-1"]
[WhiteElo "2200"]
[BlackElo "2333"]

1.d4 Nf6 2.c4 e6 3.Nc3 Bb4 4.e3 b6 5.Ne2 Ba6 6.a3 Bxc3+ 7.Nxc3 d5 8.b3 O-O
9.Be2 Nc6 10.O-O Re8 11.Rb1 Na5 12.a4 c6 13.Ba3 Rc8 14.c5 Bxe2 15.Qxe2 e5
16.dxe5 Rxe5 17.Qd3 Qe7 18.Qd4 Nd7 19.f4 Re6 20.f5 Rf6 21.g4 Rh6 22.Rf3 bxc5
23.Qf4 Rh4 24.Qg3 Ne5 25.Rf4 g5 26.fxg6 Nxg6 27.Rf5 Re8 28.e4 dxe4 29.Bxc5 Qe6
30.Re1 Qxb3 31.Nxe4 Re6 32.Nf6+ Kh8 33.Qxb3 Nxb3 34.Bb4 Kg7 35.Bc3 Kf8 36.Ref1
Ne7 37.Nd7+ Ke8 38.Nf6+ Kd8 39.Rd1+ Kc8 40.Rb1 Nxf5 41.gxf5 Re3 42.Be1 {#R}
0-1

[Event "It"]
[Site "masterchessopen.com Munich (Germany)"]
[Round "0"]
[White "Spassky Boris V (FRA)"]
[Black "Huebner Robert Dr (GER)"]
[Result "1-0"]
[WhiteElo "2640"]
[BlackElo "2595"]

1.d4 Nf6 2.c4 e6 3.Nc3 Bb4 4.e3 b6 5.Ne2 Ba6 6.Ng3 O-O 7.e4 Nc6 8.Bd3 e5 9.d5
{ ! } 9...Na5 { ? } ( 9...Ne7 { ! } ) 10.Qe2 Bxc3+ 11.bxc3 c6 12.Nf5 Ne8 { ? }
( 12...cxd5 { ? } 13.cxd5 Bxd3 14.Qxd3 d6 15.Bh6 { ! } 15...Ne8 16.Qg3 Qf6
17.Bg5 { ! +?? } ) ( 12...d6 13.Bg5 Bc8 14.g4 Bxf5 15.gxf5 cxd5 16.cxd5 Rc8
17.c4 Kh8 { A } ) 13.f4 { ! } 13...Qc7 14.fxe5 Qxe5 15.O-O f6 ( 15...Qxc3 { ?
} 16.Bb2 Qb4 17.a3 Qb3 18.Bxg7 { ! +?? } ) 16.Bf4 { ! } 16...Qxc3 17.Rac1 Qa3
18.d6 { ! } 18...Nb7 19.Ne7+ Kh8 20.e5 fxe5 21.Bxe5 Nf6 ( 21...Nexd6 { ? }
22.Bxg7+ { ! } 22...Kxg7 23.Qg4+ Kh8 24.Qd4+ Rf6 25.Qxf6# ) ( 21...Qc5+ { ? }
22.Kh1 Nexd6 23.Qh5 { ! +?? } ) 22.Bxh7 { ! } 22...Nxd6 { ! } ( 22...Kxh7 { ?
} 23.Rc3 Qc5+ 24.Kh1 { +?? } ) ( 22...Nxh7 { ? } 23.Bxg7+ { ! } 23...Kxg7
24.Qg4+ Kh8 25.Ng6+ Kg7 26.Nxf8+ { +?? } ) ( 22...Qc5+ { ? } 23.Kh1 Nxh7
24.Qb2 { ! +?? } ) 23.Qf2 { ? } ( 23.Bd3 { ! } 23...Rae8 24.Bxf6 Qc5+ 25.Bd4 {
! } 25...Qxd4+ 26.Kh1 Rxf1+ 27.Rxf1 Qc5 28.Qg4 { ! } 28...Qe3 29.Qh5+ Qh6
30.Qxe8+ { ! +?? } ) 23...Ng4 { ? } ( 23...Nxh7 { ! } 24.Bxg7+ Kxg7 25.Qd4+
Nf6 26.Rc3 Qc5 { ! = } ) 24.Qd4 { ! } 24...Qe3+ { ? } ( 24...Rxf1+ 25.Rxf1 Qc5
{ ! } 26.Qxc5 bxc5 27.Bxd6 Kxh7 28.Rf4 { ! } 28...Nh6 29.Rh4 { ! } 29...Rf8 {
! } 30.Bxc5 { ! } 30...d5 { ! } 31.Nxd5 { ! } 31...Rf5 32.Nb4 Rxc5 33.Nxa6 Ra5
34.Nb4 Ra4 35.Nxc6 Rxa2 { I } ) 25.Qxe3 Rxf1+ 26.Rxf1 Nxe3 27.Rf3 Nc8 28.Bg6 {
! } 1-0

[Event "It (cat.11)"]
[Site "masterchessopen.com Tallinn (Estonia)"]
[Round "0"]
[White "Knaak Rainer (GER)"]
[Black "Bronstein David I (RUS)"]
[Result "1-0"]
[WhiteElo "2565"]
[BlackElo "2555"]

1.d4 Nf6 2.c4 e6 3.Nc3 Bb4 4.e3 b6 5.Ne2 Ba6 6.Ng3 h5 { !? } 7.h4 Bb7 8.Qd3 d5
9.cxd5 exd5 ( { ? } 9...Ba6 10.Qc2 Bxc3+ 11.bxc3 Bxf1 12.Kxf1 exd5 ) 10.Qc2 c5
11.a3 cxd4 12.axb4 dxc3 13.bxc3 Nbd7 14.Nf5 O-O 15.Bb2 Ne5 16.c4 Re8 { ?! } (
{ ? } 16...dxc4 17.Bxe5 Be4 18.Nh6+ gxh6 19.Qxc4 Rc8 20.Qd4 Qxd4 21.Bxd4 )
17.c5 { ! } 17...bxc5 18.bxc5 d4 19.Nd6 { ! } 19...dxe3 { ! } 20.f4 { ! P } (
20.Nxb7 { ? } 20...exf2+ 21.Kxf2 ( 21.Qxf2 Nf3# ) 21...Neg4+ 22.Kg1 Qe7 { !
??+ } ) ( 20.Nxe8 Qxe8 { ? } ) 20...Neg4 21.Bc4 ( 21.Nxb7 { ? } 21...Qd5
22.Nd6 e2 { ! } 23.Bxe2 Qxg2 24.O-O-O Rxe2 { ??+ } ) 21...Re7 22.Qg6 Be4
23.Qg5 e2 { ? } ( 23...Rb8 { !? } ) 24.Rh3 { ! +?? } 24...Rb8 25.Bc3 Bc2
26.Rg3 Kf8 ( 26...Re3 27.Bxf7+ Kf8 28.Rxe3 Nxe3 29.Kxe2 Qe7 30.Qe5 { +?? } )
27.Rxg4 hxg4 28.h5 Re3 29.h6 g6 30.Qxf6 ( 30.Bxf6 { ?? } 30...Qa5+ { ??+ } )
30...Qxf6 31.Bxf6 Kg8 32.Nxf7 Bb3 33.Ng5+ Bxc4 34.h7+ 1-0

[Event "It"]
[Site "masterchessopen.com Sydney (Australia)"]
[Round "10"]
[White "Keene Raymond D (ENG)"]
[Black "Kerr Stephen G R (AUS)"]
[Result "1-0"]
[WhiteElo "2455"]
[BlackElo "2280"]

1.d4 Nf6 2.c4 e6 3.Nc3 Bb4 4.e3 b6 5.Ne2 Ba6 6.Ng3 O-O 7.e4 Nc6 8.Bd3 e5 9.a3
Bxc3+ 10.bxc3 d6 11.Bg5 h6 12.Be3 Na5 13.Qe2 Qd7 14.Nf5 Qa4 15.Bxh6 gxh6
16.Qe3 Ne8 17.Qxh6 Qd7 18.Qg5+ Kh7 19.Qh4+ Kg8 20.Qg3+ Kh7 21.Qh3+ Kg8 22.Nh6+
{#r} 1-0

[Event "?"]
[Site "masterchessopen.com Bulgaria"]
[Round "0"]
[White "Lukov Valentin (BUL)"]
[Black "Thormann Wolfgang (GER)"]
[Result "1-0"]
[WhiteElo "2420"]
[BlackElo "2272"]

1.d4 Nf6 2.c4 e6 3.Nc3 Bb4 4.e3 b6 5.Ne2 Ba6 6.a3 Be7 7.Nf4 d5 8.cxd5 Bxf1
9.Kxf1 exd5 10.g4 g5 11.Nh5 Nxh5 12.gxh5 c6 13.Qf3 Na6 14.e4 Nc7 15.h4 h6
16.hxg5 hxg5 17.Bd2 Kf8 18.Re1 Bf6 19.e5 Bg7 20.e6 Qf6 21.e7+ Ke8 22.Qg2 Ne6
23.Nxd5 Qxd4 24.Nf6+ Kxe7 25.Bb4+ Kd8 26.Qf3 Kc7 27.Ne4 c5 28.Bc3 Qc4+ 29.Kg1
Raf8 30.Bxg7 Nxg7 31.Qg3+ Kc6 32.Qd6+ Kb5 33.Qd7+ Ka6 34.Nd6 {#r} 1-0

[Event "Bundesliga 1980/81"]
[Site "masterchessopen.com Germany"]
[Round "0"]
[White "Chandler Murray G (ENG)"]
[Black "Goehring Karl-Heinz (GER)"]
[Result "1-0"]
[WhiteElo "2450"]
[BlackElo "2335"]

1.d4 Nf6 2.c4 e6 3.Nc3 Bb4 4.e3 b6 5.Ne2 Ba6 6.a3 Bxc3+ 7.Nxc3 d5 8.Qf3 O-O
9.cxd5 exd5 10.Bxa6 Nxa6 11.Qe2 Qc8 12.O-O Re8 13.Bd2 c6 14.f3 c5 15.Rac1 Qb7
16.Nb5 Re6 17.b3 Rc8 18.Bc3 Nb8 19.dxc5 bxc5 20.Bxf6 Rxf6 21.Rfd1 Re6 22.Nc3
d4 23.Ne4 Qxb3 24.exd4 c4 25.d5 Ree8 26.Qf2 Qxa3 27.Ra1 Qb4 28.d6 c3 29.d7
Nxd7 30.Rxd7 c2 31.Rc1 Qb2 32.Qd2 a5 33.Nd6 Re2 34.Qf4 Rf8 35.Rxf7 Rd8 36.Rb7
Qc3 37.h3 Re1+ 38.Rxe1 Qxe1+ 39.Kh2 Qc3 40.Qf7+ Kh8 41.Rd7 Rb8 42.Ne4 Qb2
43.Re7 {#r} 1-0

[Event "Tournament"]
[Site "masterchessopen.com Groningen/Amsterdam (Netherlands)"]
[Round "1"]
[White "Donner Jan-Hein (NED)"]
[Black "Van Der Sterren Paul (NED)"]
[Result "1-0"]
[WhiteElo "2430"]
[BlackElo "2410"]

1.d4 Nf6 2.c4 e6 3.Nc3 Bb4 4.e3 b6 5.Ne2 Ba6 6.a3 Be7 7.Nf4 d5 8.Qf3 c6 9.b3
Qc7 10.Bb2 O-O 11.g4 dxc4 12.bxc4 Nbd7 13.g5 Ne8 14.Ne4 Nd6 15.Nxd6 Bxd6
16.Bd3 Rfe8 17.Nh5 e5 18.O-O Nf8 19.Ng3 Ng6 20.Qh5 Rad8 21.Rfe1 Qd7 22.Rac1
exd4 23.exd4 Bf4 24.Rcd1 Rxe1+ 25.Rxe1 Re8 26.Ne4 Rd8 27.Bf1 Bc8 28.Bg2 Qf5
29.d5 cxd5 30.cxd5 h6 31.h4 Qg4 32.Ng3 Qxh5 33.Nxh5 hxg5 34.Bxg7 Nxh4 35.Bf6
Nxg2 36.Kxg2 Rxd5 37.Nxf4 gxf4 38.Rh1 f3+ 39.Kg3 {#r} 1-0

[Event "Ch Denmark"]
[Site "masterchessopen.com Odense (Denmark)"]
[Round "8"]
[White "Hoi Carsten (DEN)"]
[Black "Kristiansen Jens (DEN)"]
[Result "1-0"]
[WhiteElo "2410"]
[BlackElo "2430"]

1.d4 Nf6 2.c4 e6 3.Nc3 Bb4 4.e3 b6 5.Ne2 Ba6 6.a3 Be7 7.Nf4 d5 8.b3 O-O 9.Bb2
Bb7 10.Bd3 Nbd7 11.O-O c6 12.Qe2 Bd6 13.Nh5 Qe7 14.e4 Nxh5 15.Qxh5 Nf6 16.Qh3
dxe4 17.Nxe4 Nxe4 18.Bxe4 f5 19.Bf3 Rae8 20.Rfe1 a5 21.g3 c5 22.Qg2 Bxf3
23.Qxf3 cxd4 24.Bxd4 Bc5 25.Qe3 f4 26.Qe4 fxg3 27.hxg3 Qc7 28.Re2 Bxd4 29.Qxd4
Qc6 30.Rae1 Rf3 31.Re3 Rxe3 32.Rxe3 Rf8 33.b4 axb4 34.axb4 Rf6 35.Rd3 h6
36.Ra3 Rf8 37.Ra7 Rf7 38.Qd8+ Rf8 39.Qe7 {#r} 1-0

[Event "Ch Ontario"]
[Site "masterchessopen.com Ontario (Canada)"]
[Round "8"]
[White "Murray Peter (CAN)"]
[Black "MacPhail John (CAN)"]
[Result "0-1"]
[WhiteElo "2235"]
[BlackElo "2299"]

1.c4 Nf6 2.Nc3 e6 3.d4 Bb4 4.e3 b6 5.Ne2 Ba6 6.a3 Be7 7.Nf4 d5 8.b3 O-O 9.Qf3
c6 10.Bb2 Bd6 11.Bd3 Nbd7 12.Nh5 e5 13.Nxf6+ Nxf6 14.dxe5 Bxe5 15.Rd1 Qc7
16.h3 dxc4 17.Bxc4 Bxc4 18.bxc4 Nd7 19.Qf5 Rad8 20.O-O Bf6 21.f4 Nc5 22.e4
Bd4+ 23.Rxd4 Rxd4 24.Nb5 cxb5 25.Bxd4 Ne6 26.Be5 Qc5+ 27.Kh2 bxc4 28.Rf3 Rd8
29.Rg3 Rd1 30.Rg4 h5 31.Qxh5 Qg1+ 32.Kg3 Rd2 33.Kh4 Rxg2 34.f5 Rxg4+ 35.Qxg4
Qxg4+ 36.Kxg4 Nc5 37.Kf4 Nd3+ {#R} 0-1

[Event "It \"]
[Site "masterchessopen.com Oslo (Norway)"]
[Round "0"]
[White "Ogaard Leif (NOR)"]
[Black "Iskov Gert (DEN)"]
[Result "1-0"]
[WhiteElo "2408"]
[BlackElo "2400"]

1.d4 Nf6 2.c4 e6 3.Nc3 Bb4 4.e3 b6 5.Ne2 Ba6 6.Ng3 O-O 7.e4 Nc6 8.Bd3 e5 9.d5
Bxc3+ 10.bxc3 Ne7 11.h4 d6 12.h5 Nd7 13.Qg4 Kh8 14.O-O Nc5 15.Be2 f5 16.exf5
Bc8 17.h6 Nxf5 18.Nxf5 g6 19.f4 Bxf5 20.Qg3 Qe7 21.fxe5 Ne4 22.exd6 Nxg3
23.dxe7 Nxe2+ 24.Kh2 Rfe8 25.Ba3 Nxc3 26.g4 Bxg4 27.Rf7 Na4 28.Bc1 Be2 29.Bg5
Rxe7 30.Bxe7 Bxc4 31.Rg7 Rg8 32.Rf7 Re8 33.Re1 Bxd5 34.Rg7 {#r} 1-0

[Event "Ch Austria"]
[Site "masterchessopen.com Austria"]
[Round "12"]
[White "Danner Georg (AUT)"]
[Black "Duer Arne (AUT)"]
[Result "1-0"]
[WhiteElo "2410"]
[BlackElo "2395"]

1.d4 Nf6 2.c4 e6 3.Nc3 Bb4 4.e3 b6 5.Ne2 Ba6 6.a3 Be7 7.Nf4 d5 8.cxd5 Bxf1
9.Kxf1 Nxd5 10.Ncxd5 exd5 11.Qh5 c6 12.Ne6 g6 13.Qe5 Bf6 14.Nxd8+ Bxe5 15.Nxf7
Kxf7 16.dxe5 Nd7 17.f4 Nc5 18.Bd2 Ne4 19.Ke2 h5 20.Rac1 c5 21.Be1 Ke6 22.Bh4
Rhg8 23.Rcf1 g5 24.fxg5 Kxe5 25.Rf4 Nxg5 26.Rhf1 Ne4 27.g3 Nd6 28.Rf6 d4
29.Rh6 Kd5 30.Rxh5+ Kc4 31.exd4 cxd4 32.Rf3 Rge8+ 33.Kd1 d3 34.b3+ Kd4 35.Bf6+
Ke4 36.Rf4+ Ke3 37.Bd4# 1-0

[Event "It"]
[Site "masterchessopen.com Bayamo (Cuba)"]
[Round "6"]
[White "Garcia Palermo Carlos (ITA)"]
[Black "Sisniega Marcel (MEX)"]
[Result "0-1"]
[WhiteElo "2460"]
[BlackElo "2440"]

1.d4 Nf6 2.c4 e6 3.Nc3 Bb4 4.e3 b6 5.Ne2 Ba6 6.a3 Be7 7.Nf4 d5 8.cxd5 Bxf1
9.Kxf1 Nxd5 10.Ncxd5 exd5 11.Qh5 c6 12.Ne6 g6 13.Qe5 Bf6 14.Nxd8+ Bxe5 15.Nxf7
Kxf7 16.dxe5 Nd7 17.f4 Nc5 18.b4 Ne4 19.Bb2 Ke6 20.Ke2 h5 21.Rhc1 c5 22.Rab1
a5 23.bxc5 bxc5 24.Bc3 Rhb8 25.Rxb8 Rxb8 26.a4 c4 27.Kf3 g5 28.Bd4 g4+ 29.Ke2
Rb4 30.Ra1 c3 31.Kd3 Rb2 32.Bxc3 Rxg2 33.Rb1 Rxh2 34.Rb6+ Kf5 35.e6 Nc5+
36.Kd4 Nxe6+ 37.Kxd5 Nc7+ 38.Kd6 g3 39.Rb8 Rc2 40.Be1 g2 41.Rg8 Ne8+ 42.Ke7
Ng7 {#R} 0-1

[Event "Tournament"]
[Site "masterchessopen.com Kaluga (Russia)"]
[Round "0"]
[White "Tverdohlebov Viktor (UKR)"]
[Black "Shpilker Boris (RUS)"]
[Result "0-1"]
[WhiteElo "2415"]
[BlackElo "2375"]

1.d4 Nf6 2.c4 e6 3.Nc3 Bb4 4.e3 b6 5.Ne2 Ba6 6.Ng3 Bxc3+ 7.bxc3 d5 8.Ba3 dxc4
9.e4 Qd7 10.e5 Nd5 11.Ne4 Nc6 12.g3 O-O-O 13.Rb1 f5 14.exf6 gxf6 15.Qa4 Nb8
16.Qc2 e5 17.dxe5 Rhe8 18.h4 Rxe5 19.Bh3 f5 20.f3 Ne3 21.Qc1 Qd3 22.Kf2 Ng4+
23.fxg4 Rxe4 24.Re1 f4 25.g5+ Kb7 26.gxf4 Qxh3 27.Rxe4 Qh2+ 28.Kf3 Rd3+ 29.Re3
Qh3+ 30.Kf2 Qxh4+ 31.Kf3 Qh3+ 32.Kf2 Qh2+ 33.Kf3 Qh3+ 34.Kf2 Qh4+ 35.Kf3 Ka8
36.Rxd3 Bb7+ 37.Rd5 Bxd5+ 38.Ke2 Qh2+ 39.Ke1 Qg3+ 40.Ke2 Bf3+ 41.Ke3 Bg4+
42.Ke4 Qd3+ {#R} 0-1

[Event "Ch Netherlands"]
[Site "masterchessopen.com Leeuwarden (Netherlands)"]
[Round "0"]
[White "Boersma Paulus A (NED)"]
[Black "Kuijf Marinus (NED)"]
[Result "1-0"]
[WhiteElo "2335"]
[BlackElo "2423"]

1.c4 Nf6 2.Nc3 e6 3.d4 Bb4 4.e3 b6 5.Ne2 Ba6 6.a3 Be7 7.Nf4 d5 8.cxd5 Bxf1
9.Kxf1 Nxd5 10.e4 Nxc3 11.bxc3 c5 12.Be3 cxd4 13.Bxd4 O-O 14.Qg4 Bf6 15.e5 Bg5
16.Nh5 g6 17.h4 gxh5 18.Qf3 Nd7 19.hxg5 Qxg5 20.Rxh5 Qg6 21.g3 f6 22.exf6 Nxf6
23.Rh4 Rae8 24.Re1 h5 25.Kg2 Nd5 26.Qe4 Rf5 27.c4 Nf6 28.Qc6 Ng4 29.f3 Nh6
30.Rhe4 Nf7 {#r} 1-0

[Event "Ch Netherlands"]
[Site "masterchessopen.com Leeuwarden (Netherlands)"]
[Round "0"]
[White "Boersma Paulus A (NED)"]
[Black "Van Der Vliet Fred (NED)"]
[Result "1-0"]
[WhiteElo "2335"]
[BlackElo "2395"]

1.d4 Nf6 2.c4 e6 3.Nc3 Bb4 4.e3 b6 5.Ne2 Ba6 6.a3 Be7 7.Nf4 d5 8.cxd5 Bxf1
9.Kxf1 Nxd5 10.e4 Nxc3 11.bxc3 c5 12.Be3 Nd7 13.Qg4 cxd4 14.cxd4 O-O 15.e5 b5
16.h4 Nb6 17.Nh5 g6 18.Nf4 Nd5 19.Nxd5 exd5 20.Bh6 Qc8 21.e6 Rd8 22.Re1 f5
23.Qg3 Qc4+ 24.Kg1 Qxd4 25.h5 Qf6 26.hxg6 hxg6 27.Bf4 Qg7 28.Be5 Bf6 29.Bxf6
Qxf6 30.Rh6 Kg7 31.Qh3 Rh8 32.Rxh8 Rxh8 33.Qxh8+ Kxh8 {#r} 1-0

[Event "Ch Great Britain"]
[Site "masterchessopen.com Morecambe (England)"]
[Round "10"]
[White "Wells Peter K (ENG)"]
[Black "Pigott John C (ENG)"]
[Result "0-1"]
[WhiteElo "2497"]
[BlackElo "2384"]

1.d4 Nf6 2.c4 e6 3.Nc3 Bb4 4.e3 b6 5.Ne2 Ba6 6.a3 Be7 7.Nf4 d5 8.cxd5 Bxf1
9.Kxf1 exd5 10.g4 O-O 11.g5 Ne4 12.Ncxd5 Bxg5 13.Qc2 Nf6 14.h4 Bh6 15.Nxf6+
Qxf6 16.Qe4 Bxf4 17.Qxa8 Nc6 18.Qb7 Bg3 19.f4 Qe6 20.Rg1 Qh3+ 21.Ke2 Qh2+
22.Kd3 Qxg1 23.Qxc6 Qd1+ 24.Kc4 Qc2+ 25.Kb5 a6+ {#R} 0-1

[Event "?"]
[Site "masterchessopen.com Reggio Emilia (Italy)"]
[Round "0"]
[White "Santolini Luigi (ITA)"]
[Black "Sisniega Marcel (MEX)"]
[Result "0-1"]
[WhiteElo "2197"]
[BlackElo "2440"]

1.d4 Nf6 2.c4 e6 3.Nc3 Bb4 4.e3 b6 5.Ne2 Ba6 6.a3 Be7 7.Ng3 d5 8.cxd5 Bxf1
9.Nxf1 exd5 10.Ng3 Qd7 11.O-O Nc6 12.Qc2 g6 13.Rd1 h5 14.e4 h4 15.Nge2 dxe4
16.Nxe4 O-O-O 17.Ng5 h3 18.Nxf7 Qd5 19.Nf4 Qxf7 20.Qxc6 Kb8 21.Ne6 Nd5 22.Bf4
Bh4 23.Rac1 Nxf4 24.Nxc7 Bxf2+ 25.Kxf2 Nd5+ {#R} 0-1

[Event "Ch Scotland"]
[Site "masterchessopen.com St. Andrews (Scotland)"]
[Date "1981.07.30"]
[Round "6"]
[White "Norris Alan J (SCO)"]
[Black "Morrison Graham (SCO)"]
[Result "0-1"]
[WhiteElo "2304"]
[BlackElo "2339"]

1.d4 Nf6 2.c4 e6 3.Nc3 Bb4 4.e3 b6 5.Ne2 Ba6 6.a3 Be7 7.Nf4 d5 8.cxd5 Bxf1
9.Kxf1 exd5 10.Qf3 c6 11.g4 O-O 12.h4 Nbd7 13.g5 Ne8 14.b3 Nd6 15.Bb2 Re8
16.Re1 Bf8 17.Kg2 Rc8 18.e4 dxe4 19.Nxe4 Nxe4 20.Rxe4 c5 21.d5 Rxe4 22.Qxe4 b5
23.Re1 c4 24.bxc4 Rxc4 25.Qf3 Nb6 26.Rd1 Qd6 27.Bc1 Qe5 28.Be3 Bd6 29.Rc1 Rxc1
30.Bxc1 f6 31.gxf6 Qxf6 32.Qe4 Qe5 33.Kf3 Qxe4+ 34.Kxe4 Nc4 35.a4 bxa4 36.Kd4
Nb6 37.Ne2 a3 38.Nc3 Kf7 39.Nb5 Bc5+ 40.Kd3 a2 41.Bb2 Bxf2 42.Nd6+ Kg6 43.h5+
Kxh5 44.Bxg7 Nxd5 45.Kc4 Kg6 46.Ba1 Ne3+ {#R} 0-1